000 00923nam a22002777a 4500
005 20110926122324.0
008 110926t xxu||||| |||| 00| 0 eng d
010 _aENG-103823
020 _a9780198072553
_c745.00
020 _a0198072554
_c745.00
035 _aEN-87356
037 _bDBAD/PUB
040 _aDPL
_bEng
100 _934818
_aDe, Esha Niyogi
245 _aEmpire, media and the autonomous woman :
_cby Esha Niyogi De
_ba feminist critique of postcolonial thought /
260 _aNew Delhi
_bOxford University Press
_c2011
270 _aYMCA Library Building, Jai Singh Road
_bNew Delhi
_e110001
300 _axxi,246p. :
_c23cm (Hb)
_bill.
500 _aIncludes index
600 _934819
650 _934827
651 _934820
700 _934822
942 _2ddc
_cEN
_mDEE
999 _c56986
_d56986